Principles and methods of adapted physical education and recreation

Wedi'i Gadw mewn:
Manylion Llyfryddiaeth
Prif Awdur: Auxter, David
Fformat: Llyfr
Cyhoeddwyd: McGraw-Hill 2001
Tagiau: Ychwanegu Tag
Dim Tagiau, Byddwch y cyntaf i dagio'r cofnod hwn!
Thư viện lưu trữ: Mạng thư viện Đại học Đà Nẵng
LEADER 00600nam a2200229 a 4500
001 000029843
003 17544
005 20171030145630.0
008 171030s2001
040 |a LTT 
082 0 |a 371.9  |b AU-D 
100 1 |a Auxter, David 
245 0 0 |a Principles and methods of adapted physical education and recreation  |c David Auxter, Jean Pyfer, Carol Huettig. 
260 |b McGraw-Hill  |c 2001 
500 |a ASIA 
OWN |a LTT 
999 |a From the UDN01 
TYP |a Monograph 
TYP |a Printed language 
980 |a Mạng thư viện Đại học Đà Nẵng